000 00466nam a2200181Ia 4500
001 14852
005 20260306164944.0
008 260306t1996||||xx |||||||||||||| ||spa||
041 _aESP
082 _a519.5
_bB45
100 _aBerenson, Mark L.
_eAUT
245 0 _aEstadística básica en administración:
_bconceptos y aplicaciones
260 _c1996
300 _axxv, 943 páginas :
_c27 cm.
650 _aGEN
654 _aCMA
942 _cLIB
_dJUS
_fJUS
_2ddc
_n
999 _c14852
_d14852